000 00600nam a22002057a 4500
005 20251108172456.0
008 250721s9999 xx 000 0 ara d
082 1 4 _a371.8/شتا
100 1 _aشتا، السيد علي
245 1 0 _aتفوق الطالب والتنظيم العلمي للدراسة /
264 1 _aالاسكندرية :
_bمنشأة المعارف،
300 _a168ص
650 1 7 _aالطلاب
650 1 7 _aالتعلم
650 1 7 _aالطلاب الموهوبون
650 1 7 _aالعباقرة
653 _aالتفوق
942 _2ddc
_cBK
999 _c80322
_d80322